000 00672cam a22001935a 4500
001 ##J100654
008 000000s1911 000 0 eng u
035 _a(Sirsi) u100654
041 0 _aeng
050 0 4 _a333.0062 $2 18
110 2 _aAuctioneers' Institute of the United Kingdom
_93785
245 0 0 _aExamination questions
_bfinal 1897-1902
_bdirect final 1901-1902
260 _a[S.l]
_b[s.n.]
_c1911
300 _a74p.
_b3 plates
_c18cm.
520 _aCollection of final exam questions based on auctioneering and other property law related subjects.
651 4 _aGreat Britain
_y1707-
690 _aCAREERS, EDUCATION AND TRAINING-QUALIFICATION ROUTES
942 _n0
999 _c99740
_d99740